Documento anl̀isis comparativo del impuesto de industria y comercio en Colombia

Detalles Bibliográficos
Autor principal: Parra Ortiz, Harold Ferney
Formato: eBook
Lenguaje:español
Publicado: Bogot ̀: Editorial Nueva Legislacin̤, 2010
Materias:
Acceso en línea:Acceso restringido

MARC

LEADER 00000nam a22000007a 4500
005 20120928152534.0
007 cr|||| ||||
008 120928s2010 co |||||s|||| 00||0 spa d
020 |a 978-958-8371-19-1 
035 |a 6734 
040 |a vLex 
090 |c 3492  |d 3492 
100 1 |a Parra Ortiz, Harold Ferney 
245 1 0 |a Documento anl̀isis comparativo del impuesto de industria y comercio en Colombia  |h [Recurso electrn̤ico] /  |c Harold Ferney Parra Ortiz  
256 |a Servicio en ln̕ea 
260 |a Bogot ̀:  |b Editorial Nueva Legislacin̤,  |c 2010 
300 |a 1 recurso electrn̤ico 
506 1 |a Contenido solo disponible en los productos indicados  |d vLex Global   |d vLex Global (Academic Edition, excluding Law Schools)   |d vLex Global (U.S. Academic Edition, Law Schools)   |d vLex Global (U.S. Academic Edition, excluding Law Schools)   |d vLex Global (Academic Edition, Law Schools)  
650 0 4 |a Impuestos  |z Colombia 
740 0 |a vLex Libros (Servicio en ln̕ea) 
856 4 0 |u http://vlex.com/source/documento-analisis-comparativo-impuesto-industria-comercio-colombia-6734  |z Acceso restringido 
942 |c BOOK 
999 0 |a Taxation